000 00579nam a22002177a 4500
003 UA-OsUOA
001 56202
007 ta
008 20081008b un ||||| |||| 00| 0 ukr d
100 _aДзюблюк О.
090 _a330
_bД43
942 _cSA
040 _aUA-OsUOA
_bukr
_cUA-OsUOA
_dUA-OsUOA
245 _aОптимізація формування ресурсної бази комерційних банків
300 _aС.38-47
955 _a0
041 _aukr
080 _a330
773 0 _w56197
650 7 _a330 Економіка взагалі
_2UDC
999 _c342262
_d342262